000
00284nam a22001217a 4500
008
170220b xxu||||| |||| 00| 0 eng d
041
_a
eng
080
_a
615
100
_a
5
101
_a
SHF
245
_a
ESTABLISHING A PROFESIONAL PHARMACY PRACTICE
_c
D.C. HOFFMAN
942
_2
udc
_c
BK
999
_c
5824
_d
5824